000
00223nam a2200097Ia 4500
008
240331s9999 xx 000 0 und d
082
_b
FRE
100
_a
Moi, T. ed
245
0
_a
French feminist thought :
_b
A reader
942
_c
L
999
_c
1761
_d
1761